Rating and the extractive industries (Record no. 183)
[ view plain ]
| 000 -LEADER | |
|---|---|
| fixed length control field | 01024cab a2200217 4500 |
| 001 - CONTROL NUMBER | |
| control field | ABS20782 |
| 008 - FIXED-LENGTH DATA ELEMENTS--GENERAL INFORMATION | |
| fixed length control field | 090401t1976 xxu||||| |||| 00| 0 eng d |
| 035 ## - SYSTEM CONTROL NUMBER | |
| System control number | (Sirsi) u439 |
| 041 ## - LANGUAGE CODE | |
| Language code of text/sound track or separate title | eng |
| 100 ## - MAIN ENTRY--PERSONAL NAME | |
| Personal name | Griffiths, R.A. |
| 245 ## - TITLE STATEMENT | |
| Title | Rating and the extractive industries |
| 260 ## - PUBLICATION, DISTRIBUTION, ETC. | |
| Date of publication, distribution, etc. | 1976 |
| 350 ## - PRICE (NR) (BK AM CF MU VM SE) [OBSOLETE] | |
| Price | 0 |
| 490 ## - SERIES STATEMENT | |
| Series statement | Quarry Management |
| Volume/sequential designation | 3(5) May 1976, 117-120(4) |
| 520 ## - SUMMARY, ETC. | |
| Summary, etc. | Relates the provisions of the rating legislation to the surface extractive industries. In this context discusses the definition of a hereditament and points out that a stratum of minerals can be a separate rateable hereditament. The assessment of minerals together with buildings, plant and machinery and the site is also considered, the rateable value being based on potential rent values. An example of the calculation of net asset value for rating assessment is given and relevant cases cited. |
| 650 ## - SUBJECT ADDED ENTRY--TOPICAL TERM | |
| Topical term or geographic name entry element | MINERAL VALUATION |
| 690 ## - LOCAL SUBJECT ADDED ENTRY--TOPICAL TERM (OCLC, RLIN) | |
| Topical term or geographic name as entry element | MINING AND MINERALS |
| 690 ## - LOCAL SUBJECT ADDED ENTRY--TOPICAL TERM (OCLC, RLIN) | |
| Topical term or geographic name as entry element | RATING AND VALUATION |
| 942 ## - ADDED ENTRY ELEMENTS (KOHA) | |
| Suppress in OPAC | 0 |
| 948 ## - LOCAL PROCESSING INFORMATION (OCLC); SERIES PART DESIGNATOR (RLIN) | |
| c (OCLC) | 04/03/1997 |
| Withdrawn status | Lost status | Source of classification or shelving scheme | Damaged status | Not for loan | Home library | Current library | Shelving location | Date acquired | Total Checkouts | Full call number | Barcode | Date last seen | Copy number | Price effective from | Koha item type |
|---|---|---|---|---|---|---|---|---|---|---|---|---|---|---|---|
| Dewey Decimal Classification | London | London | Journal article | 14/09/1999 | ABS20782 | 439-1001 | 06/08/2019 | 1 | 06/08/2019 | Journal article |